000 00384nam a2200145Ia 4500
005 20250516165952.0
008 250516s9999 xx 000 0 und d
020 _a9781909961722
_qpbk
041 _aeng
082 _a914.5
_bOWE
100 _aOwen, Richard
245 0 _aDh Lawrence In Italy
_cRichard Owen
260 _bUniversity of Chicago Press
_c2020
_aLondon
942 _cENGLISH
999 _c571137
_d571137